000 00724nam a2200241 i 4500
003 DO-SdBNP
005 20250206101005.0
007 ta
008 091110t1991 dr 001 f spa d
040 _aDO-SdBNP
_bspa
_cBNPHU
_erda
082 4 _bC758
_222
100 1 _aDisla, Edwin,
_d1961-
_eautor
_928921
245 1 3 _aLengua española 7 /
_cYnés Constanzo Martínez, José Antonio Royuela
264 _aSanto Domingo :
_bRex,
_c1991.
300 _a229 páginas :
_bilustraciones ;
_c27 cm.
336 _2rdacontent
_atexto
_btxt
337 _2rdamedia
_asin mediación
_bn
338 _2rdacarrier
_avolumen
_bnc
590 _aInventariado, 2023/DG
650 0 _aNovela dominicana
_9223
910 _aDG
942 _2ddc
_cLBS1
999 _c55511
_d55511